| 000 | 00573nam a2200205 a 4500 | ||
|---|---|---|---|
| 001 | 83322 | ||
| 003 | BD-RjUL | ||
| 005 | 20240312122023.0 | ||
| 008 | 240312s1960 enk||||| |||| 00| 0 eng d | ||
| 035 | _a(BD-RjUL)83322 | ||
| 040 |
_aBD-RjUL _beng _cBD-RjUL |
||
| 041 | _aeng | ||
| 082 |
_223 _a823.9 _bMAC 1960 |
||
| 100 |
_aMayne, William _912248 |
||
| 245 |
_aChoristers' cake / _cWilliam Mayne |
||
| 260 |
_aLondon : _bOxford University Press, _c1956, [reprinted 1960 ] |
||
| 300 |
_a159 p.; _c22 cm. |
||
| 650 |
_aEnglish literature _vFiction _92621 |
||
| 942 |
_2ddc _cBK |
||
| 999 |
_c83322 _d83322 |
||